Prácticas de la especialidad de mecánicos : ejercicios de primer curso ejercicios de primer curso
Descripción Física:
[18] f. ; 30 cm
Materias:
Mecànica -- Ensenyament -- Pràctiques
MARC
| LEADER | 00000nam a2200000Ia 4500 | ||
|---|---|---|---|
| 001 | 9441 | ||
| 008 | 160829s1941 xx 000 0 cat d | ||
| 080 | |a FU-24-23 | ||
| 245 | |a Prácticas de la especialidad de mecánicos : |b ejercicios de primer curso | ||
| 260 | |a Barcelona : |b Escuela del Trabajo de la Diputación Provincial de Barcelona, |c 1941 | ||
| 300 | |a [18] f. ; |c 30 cm | ||
| 650 | |a Mecànica |x Ensenyament |x Pràctiques |9 21819 | ||
| 710 | 2 | |a Escola del Treball (Barcelona, Catalunya) |9 54586 | |
| 856 | 4 | |u https://media.diba.cat/diba/fitxers/arxiu/fulletons/bib_9441_baixa.pdf |y Accés lliure | |
| 856 | 4 | |u https://media.diba.cat/diba/fitxers/arxiu/fulletons/bib_9441_baixa.pdf |y Accés lliure | |
| 901 | |a Arxiu | ||
| 942 | |n 1 |2 udc | ||
| 952 | |0 0 |1 0 |4 0 |6 FU2423 |7 1 |9 41852 |a Arxiu |b Arxiu |d 2016-12-01 |l 0 |o FU-24-23 |p 9441 |r 2016-12-01 00:00:00 |w 2016-12-01 |y ARXIU | ||
| 999 | |c 44299 |d 44299 | ||
| 900 | |a bib_9441_baixa.pdf | ||